000 00353nam a22001097a 4500
040 _cRUA
082 _aFAO JUN 2011 C011 Or.
245 _aការកាត់បន្ថយលារបាត់បង់ស្រូវក្រោយពេលប្រមូលផល
260 _aphnom penh
_brua
_c2011
300 _av.23p.
_bill.
_c29cm.
942 _cREC
999 _c22152
_d22152